| 000 | 01333nam a22003257a 4500 | ||
|---|---|---|---|
| 005 | 20091022142347.0 | ||
| 008 | 030709s2002 enka 001 0 eng | ||
| 010 | _aB-359315 | ||
| 020 |
_a8120320492 _c525.00 |
||
| 020 |
_a9788120320499 _c525.00 |
||
| 035 | _aB-359315 | ||
| 037 | _bUBH/DPL/BL4/RP/10/20.10.09 | ||
| 040 |
_adpl _bEnglish |
||
| 082 | _a005.276 | ||
| 100 | _aChakraborti, Angshuman | ||
| 245 |
_a.NET Framework professional projects / _cby Angshuman Chakraborti, Uday Kranti [and] Roopendra Jeey Sandhu with NIIT. |
||
| 246 | _aMicrosoft .NET Framework professional projects | ||
| 260 |
_aNew Delhi _bPrentice Hall of India _c2002 |
||
| 270 |
_aM-97, Connaught Circus, _bNew Delhi _e110001 |
||
| 300 |
_axxvi, 943p. : _bill. ; _c24cm(pbk) |
||
| 504 | _aIncludes index. | ||
| 650 | _aMicrosoft .NET Framework. | ||
| 650 | _aInternet programming. | ||
| 650 |
_aComputer software _xDevelopment. |
||
| 700 | _aKranti, Uday | ||
| 700 | _aSandhu, Roopendra Jeet | ||
| 942 |
_2ddc _cEN _h005.276 _mCHA |
||
| 999 |
_c30997 _d30997 |
||